|
|
|
|
| LEADER |
00995cam a2200277 7i4500 |
| 001 |
0000035384 |
| 005 |
20190107090000.0 |
| 007 |
##ta |
| 008 |
190107t20172016nyua b 001 0 eng d |
| 020 |
# |
# |
|a 9780393354355
|
| 040 |
# |
# |
|a MATR
|
| 090 |
0 |
0 |
|a B 658.872
|b PAR
|
| 100 |
1 |
# |
|a Parker, Geoffrey
|e author
|
| 245 |
0 |
0 |
|a PLATFORM REVOLUTION :
|b HOW NETWORKED MARKETS ARE TRANSFORMING THE ECONOMY- AND HOW TO MAKE THEM WORK FOR YOU
|c Geoffrey C. Parker, Marshall W. Van Alstyne, and Sangeet Paul Choudary.
|
| 264 |
# |
1 |
|a New York:
|b W.W. Norton,
|c 2017.
|
| 264 |
# |
4 |
|a ♭2016.
|
| 300 |
# |
# |
|a xiii, 336 pages:
|b illustrations;
|c 21 cm.
|
| 336 |
# |
# |
|a text
|2 rdacontent
|
| 337 |
# |
# |
|a unmediated
|2 rdamedia
|
| 338 |
# |
# |
|a volume
|2 rdacarrier
|
| 504 |
# |
# |
|a Includes bibliographical references and index
|
| 650 |
# |
0 |
|a Internet marketing
|
| 650 |
# |
0 |
|a Strategic planning
|
| 700 |
1 |
# |
|a Van Alstyne, Marshall
|
| 700 |
1 |
# |
|a Choudary, Sangeet Paul
|
| 999 |
|
|
|a B000040394
|b Book
|c Book
|e Business Information Centre
|